00755nam a22001937a 4500999001900000005001700019010001500036020002600051035001400077037000900091082001000100100002800110245007500138260005600213270011500269300002100384942002400405952013200429 c185854d18585420220210142731.0 aENG-131504 a9789390679942c499.00 aEN-115036 bDBAD a863.1 aChabria, Priya Sarukkai aSing of Life:bRevisioning Tagore's Gitanjali/cPriya Sarukkai Chabria aChennaibWestland Publication Private Limitedc2021 a1st Floor, A Block, East Wing, Plot No. 40 SP infocity, Dr. MGR Salai, Pergudi, KandanchavadibChennaie600096 a156p.c23cm(hbk) 2ddccENh863.1mCHA 001040708NFICaBNbBNd2022-02-10eDBAD/PUBg499.00l1o863.1 CHApEN-115036r2023-01-14 00:00:00s2023-01-12t1v499.00yEN